| 000 | 00997nam0a22002531 4500 | ||
|---|---|---|---|
| 001 | rc\517305 | ||
| 005 | 20250621114725.0 | ||
| 035 | _a(NLR Aleph) 005756757 | ||
| 090 |
_a4897101 _c4897101 |
||
| 100 | _a20030616d1987 |||y0rusy50 ca | ||
| 101 | 0 | _arus | |
| 102 | _aRU | ||
| 105 | _aa ||||||||| | ||
| 200 | 1 |
_aОрдена Трудового Красного Знамени институт органического синтеза, 1957-1987 _fАН ЛатвССР _g[Отв. ред. чл.-корр. АН ЛатвССР, проф. Э.Я. Лукевиц] |
|
| 210 |
_aРига _cЗинатне _d1987 |
||
| 215 |
_a407 с. _cил. _d21 |
||
| 300 | _aЗагл. обл.: Институт органического синтеза, 1985-1987 | ||
| 320 | _aБиблиогр. в конце глав | ||
| 512 | 0 | _aИнститут органического синтеза, 1985-1987 | |
| 801 | 0 |
_aRU _bNLR _gpsbo |
|
| 801 | 1 |
_aRU _bELAR _2rusmarc |
|
| 852 |
_aNLR _j87-3/2357 |
||
| 942 | _cBOOK | ||
| 980 | _aNB | ||